La evaluación en la estrategia Evalúa Jalisco : sus efectos sobre la interacción de los actores públicos /

Salvato in:
Dettagli Bibliografici
Autore principale: Hernández García, Alejandra (autor)
Natura: Tesi Libro
Lingua:spagnolo
Pubblicazione: Guadalajara, México : edición de autor, 2019
Soggetti:
Accesso online:Ver documento en línea
Tags: Aggiungi Tag
Nessun Tag, puoi essere il primo ad aggiungerne!!

MARC

LEADER 00000nam^a2200000^a^4500
001 000418246
005 20251023000000.0
009 20260310122413.201
037 |a Acervo ITESO - Biblioteca 
041 |a ESP 
090 |a MPG. 120 
100 |a Hernández García, Alejandra  |e (autor) 
245 1 3 |a La evaluación en la estrategia Evalúa Jalisco :  |b sus efectos sobre la interacción de los actores públicos /  |c A. Hernández García. 
264 1 |a Guadalajara, México :  |b edición de autor,  |c 2019 
300 |a 1 tesis electrónica en línea (153 p.) 
300 |a 1 recurso en línea 
336 |a datos para computadora  |b cod  |2 rdacontenido 
337 |a computadora  |b c  |2 rdamedio 
338 |a recurso en línea  |b cr  |2 rdasoporte 
502 |a ITESO Tesis de Maestría en Política y Gestión Pública 
649 |a XX 
650 |a Programas Gubernamentales -  |z Jalisco -  |x Evaluación -  |x Tema Principal 
650 |a Programas Gubernamentales -  |z México -  |x Evaluación 
650 |a Evaluación Institucional -  |z Jalisco 
650 |a Evaluación Institucional -  |z México 
650 |a Política Social -  |z Jalisco 
650 |a Política Social -  |z México 
650 |a Política -  |z Jalisco -  |x Historia -  |y 2012-2018 
650 |a Política -  |z Jalisco -  |x Historia -  |y Siglo XXI 
650 |a Política -  |z México -  |x Historia -  |y 2012-2018 
650 |a Política -  |z México -  |x Historia -  |y Siglo XXI 
856 4 0 |u https://rei.iteso.mx/handle/11117/6169  |y Ver documento en línea 
910 |a Fondo General 
920 |a Electrónicos - Tesis del ITESO en Línea 
930 |a Repositorio Institucional 
905 |a 201 
901 |a 418246-1  |b IT2  |c ETI  |u 20250521 
902 |a https://opac.biblio.iteso.mx/vufind/Record/000418246